Las trampas del azar / (Record no. 10640)
[ view plain ]
| 000 -LEADER | |
|---|---|
| campo de control de longitud fija | 00874nam a22002655i 4500 |
| 001 - NÚMERO DE CONTROL | |
| campo de control | 10640 |
| 003 - IDENTIFICADOR DE NÚMERO DE CONTROL | |
| campo de control | ES-MaACL |
| 005 - FECHA Y HORA DE LA ÚLTIMA TRANSACCIÓN | |
| campo de control | 20230906145928.0 |
| 007 - CAMPO FIJO DE DESCRIPCIÓN FÍSICA--INFORMACIÓN GENERAL | |
| campo de control de longitud fija | t| |
| 008 - DATOS DE LONGITUD FIJA--INFORMACIÓN GENERAL | |
| campo de control de longitud fija | 950608s1994 sp ||||0| spa j |
| 020 ## - NÚMERO INTERNACIONAL ESTÁNDAR DEL LIBRO | |
| Número Internacional Estándar del Libro | 84-8048-155-2 |
| 040 ## - FUENTE DE CATALOGACIÓN | |
| Centro catalogador/agencia de origen | M-BN |
| Lengua de catalogación | spa |
| Centro/agencia transcriptor | M-BN |
| 080 ## - NÚMERO DE LA CLASIFICACIÓN DECIMAL UNIVERSAL | |
| Número de la Clasificación Decimal Universal | 860-23"19" |
| 100 1# - ENTRADA PRINCIPAL--NOMBRE DE PERSONA | |
| Nombre de persona | Buero Vallejo, Antonio, |
| Fechas asociadas al nombre | 1916-2000 |
| 9 (RLIN) | 32421 |
| 245 14 - MENCIÓN DEL TÍTULO | |
| Título | Las trampas del azar / |
| Mención de responsabilidad, etc. | Antonio Buero Vallejo ; [edición de Mariano de Paco]. |
| 260 ## - PUBLICACIÓN, DISTRIBUCIÓN, ETC. | |
| Lugar de publicación, distribución, etc. | Madrid : |
| Nombre del editor, distribuidor, etc. | Sociedad General de Autores de España, |
| Fecha de publicación, distribución, etc. | D.L. 1994. |
| 300 ## - DESCRIPCIÓN FÍSICA | |
| Extensión | LXVII, 74 p : |
| Otras características físicas | il ; |
| Dimensiones | 23 cm. |
| 490 1# - MENCIÓN DE SERIE | |
| Mención de serie | Teatro |
| 500 ## - NOTA GENERAL | |
| Nota general | Tít. tomado de la cub. |
| 504 ## - NOTA DE BIBLIOGRAFÍA, ETC. | |
| Nota de bibliografía, etc. | Bibliografía: p. XXXVII-LXIV. |
| 710 2# - ENTRADA AGREGADA--NOMBRE DE ENTIDAD CORPORATIVA | |
| Nombre de entidad corporativa o nombre de jurisdicción como elemento de entrada | Sociedad General de Autores de España. |
| 9 (RLIN) | 6773 |
| 830 0# - PUNTO DE ACCESO ADICIONAL DE SERIE-TÍTULO UNIFORME | |
| Título uniforme | Teatro |
| 9 (RLIN) | 178026 |
| 852 ## - LOCALIZACIÓN | |
| Ubicación | ES-MaACL |
| Número de control de estantería | L-18013 |
| Nota libre | . - Dedicatoria autógrafa del autor |
| Estatus retirado | Estado de pérdida | Fuente del sistema de clasificación o colocación | Estado de daño | No para préstamo | Colección | Biblioteca de origen | Biblioteca actual | Ubicación en estantería | Fecha de adquisición | Total de préstamos | Signatura topográfica completa | Código de barras | Visto por última vez | Precio de reemplazo | Tipo de ítem Koha | Nota pública |
|---|---|---|---|---|---|---|---|---|---|---|---|---|---|---|---|---|
| Clasificación decimal universal | Libros con dedicatorias | Biblioteca del Ateneo de Madrid | Biblioteca del Ateneo de Madrid | Depósito 2 | 17/01/2008 | L-18013 | 1010852 | 23/02/2023 | 23/02/2023 | Libro impreso | Dedicatoria autógrafa del autor |
